Sen raleigh limited (Record no. 524126)

MARC details
000 -LEADER
fixed length control field 00633nam a2200205Ia 4500
003 - CONTROL NUMBER IDENTIFIER
control field OSt
005 - DATE AND TIME OF LATEST TRANSACTION
control field 20220925192954.0
008 - FIXED-LENGTH DATA ELEMENTS--GENERAL INFORMATION
fixed length control field 220923b |||||||| |||| 00| 0 eng d
037 ## - SOURCE OF ACQUISITION
Terms of availability General Book
040 ## - CATALOGING SOURCE
Original cataloging agency RTL
Transcribing agency RTL
Language of cataloging eng
041 ## - LANGUAGE CODE
Source of code eng
Language code of text/sound track or separate title eng
245 #0 - TITLE STATEMENT
Title Sen raleigh limited
Remainder of title reports & statement of accounts for 1966-68.
260 ## - PUBLICATION, DISTRIBUTION, ETC.
Place of publication, distribution, etc. Calcutta
Name of publisher, distributor, etc. Sen-Ralleigh limited
Date of publication, distribution, etc. 1967
300 ## - PHYSICAL DESCRIPTION
Extent 1966(27p) 1967(31p) 1968(43p)
Dimensions cm.
942 ## - ADDED ENTRY ELEMENTS (KOHA)
Classification part X:84.275 N68<--N66s, K8
Koha item type General Books
Source of classification or shelving scheme Colon Classification (CC)

No items available.

Copyright @ Delhi University Library System